Comparative patterns of economic development, 1850-1914 /

Bibliographic Details
Main Author: Morris, Cynthia Taft
Other Authors: Adelman, Irma
Format: Book
Language:English
Published: Baltimore : Johns Hopkins University Press, [1988]
Series:Johns Hopkins studies in development.
Subjects:

MARC

Tag First Indicator Second Indicator Subfields
LEADER 00000cam a2200000 a 4500
001 in00000032253
005 20151007060438.0
008 870505s1988 mdu b 00110 eng
010 |a  87045480  
020 |a 0801835070 (alk. paper) 
035 |a (OCoLC)15791310 
035 |9 AAC0874AM 
040 |a DLC  |c DLC  |d TXA  |d UtOrBLW 
049 |a TXAM  |c [A11682692] 
050 0 0 |a HC51  |b .M645 1988 
082 0 |a 338.9/009  |2 19 
100 1 |a Morris, Cynthia Taft. 
245 1 0 |a Comparative patterns of economic development, 1850-1914 /  |c Cynthia Taft Morris, Irma Adelman. 
264 1 |a Baltimore :  |b Johns Hopkins University Press,  |c [1988] 
264 4 |c ©1988 
300 |a xi, 575 pages ;  |c 24 cm. 
336 |a text  |b txt  |2 rdacontent 
337 |a unmediated  |b n  |2 rdamedia 
338 |a volume  |b nc  |2 rdacarrier 
490 1 |a Johns Hopkins studies in development 
504 |a Bibliography: pages 479-569. 
500 |a Includes index. 
650 0 |a Economic history  |y 1750-1918. 
650 0 |a Economic development  |x History. 
700 1 |a Adelman, Irma. 
830 0 |a Johns Hopkins studies in development. 
999 |a MARS 
999 f f |s 14349696-6fbb-3d2c-8881-54c4a31fce0d  |i 6bbe1e52-f345-37fe-8aee-619f26c5dd6c  |t 0 
952 f f |p ric  |a Texas A&M University  |b Rellis Campus  |c Joint Library Facility  |d Remote Storage  |t 0  |e HC51 .M645 1988  |h Library of Congress classification  |i unmediated -- volume  |m A14811682692 
998 f f |a HC51 .M645 1988  |t 0  |l Remote Storage